000 00551nam a2200169 4500
999 _c4231
_d4231
008 160901b xxu||||| |||| 00| 0 eng d
022 _a2094-8042
082 _aDPer 370.105 M72 Jan-Dec 2012 v. 60-61
100 _913901
_aPulangcu, Teresita C.
243 _aThe modern teacher
245 _aThe voice of Philippines democracy/
_cTeresita C. Pulangcu.
260 _aPhilippines:
_bIn the Grade School, Inc.,
_c©2012.
300 _av61 n1, pages 3+;
_c28 cm.
500 _aThe Modern Teacher
650 0 _913902
_aDemocracy
942 _2ddc
_cPER